[Event "POL-ch U10"]
[Site "Jastrzebia Gora"]
[Date "2022.03.10"]
[Round "3"]
[White "Klonowski, Kacper"]
[Black "Szachniewicz, Aleksander"]
[Result "1-0"]
[WhiteElo "1315"]
[BlackElo "1130"]
[PlyCount "53"]
[EventDate "2022.03.08"]
[EventType "swiss"]
[EventRounds "9"]
[EventCountry "POL"]
[SourceTitle "EXT 2023"]
[Source "ChessBase"]
[SourceDate "2022.10.05"]
[SourceVersion "1"]
[SourceVersionDate "2022.10.05"]
[SourceQuality "1"]

1. d4 d5 2. c4 Nf6 3. cxd5 Nxd5 4. e4 Nf6 5. Nc3 e6 6. Nf3 Be7 7. Bd3 0-0 8. 0-0 Nbd7 9. Bc2 Nb6 10. Qd3 g6 11. h3 Re8 12. Bf4 Bd7 13. Rac1 Rc8 14. Rfd1 Bc6 15. Bb3 a6 16. d5 exd5 17. exd5 Bd7 18. Qd4 Bf5 19. d6 cxd6 20. Bxd6 Bxd6 21. Qxd6 Ne4 22. Nxe4 Bxe4 23. Rxc8 Qxc8 24. Qxb6 Bxf3 25. gxf3 Qxh3 26. Qf6 Rf8 27. Bxf7+ 1-0

[Event "POL-ch U10"]
[Site "Jastrzebia Gora"]
[Date "2021.??.??"]
[Round "3"]
[White "Klonowski, Kacper"]
[Black "Trusewicz, Remigiusz"]
[Result "1-0"]
[WhiteElo "1197"]
[BlackElo "1088"]
[PlyCount "55"]
[EventDate "2021.02.28"]
[EventType "swiss"]
[EventRounds "9"]
[EventCountry "POL"]
[SourceTitle "EXT 2022"]
[Source "ChessBase"]
[SourceDate "2021.10.06"]
[SourceVersion "1"]
[SourceVersionDate "2021.10.06"]
[SourceQuality "1"]

1. d4 d5 2. c4 e6 3. Nc3 Be7 4. cxd5 exd5 5. Bf4 Nf6 6. e3 0-0 7. Nf3 c5 8. Be2 Nc6 9. 0-0 Bg4 10. h3 Bh5 11. Rc1 Bg6 12. Ne5 cxd4 13. exd4 Bf5 14. Nxc6 bxc6 15. Bd3 Be6 16. Be5 Qd7 17. Qf3 a5 18. Na4 Qb7 19. Nc5 Qxb2 20. Rb1 Qxa2 21. Ra1 Qb2 22. Rfb1 Qd2 23. Bf4 Qc3 24. Bxh7+ Kxh7 25. Qxc3 Bxc5 26. dxc5 Ne4 27. Qf3 Kg8 28. Re1 1-0